Quiz o Puławach - Statystyki

Ogólne statystyki
  • Ten quiz został rozwiązany 55 razy
  • Średni wynik to 5 z 7
Statystyki odpowiedzi
Hint Odpowiedź % Poprawnych
Województwo, gdzie położone są Puławy Lubelskie
100%
Rzeka płynąca przez Puławy Wisła
98%
Tablice rejestracyjne LPU
96%
Prezydent Paweł Maj
67%
Ludność (w tysiącach) 44
54%
Strefa numeracyjna 81
26%
Powierzchnia 50,49
9%
Nie znaleziono quizów pasujących do podanych kryteriów
Rozkład punktacji
Procent ludzi z każdym wynikiem
Percentyl według liczby udzielonych odpowiedzi
Twoja historia wyników
Nie rozwiązałeś tego quizu